TEXTBOOK OF PHARMACEUTICAL CHEMISTRY -| (Record no. 7079)

MARC details
000 -LEADER
fixed length control field 00320nam a2200133Ia 4500
008 - FIXED-LENGTH DATA ELEMENTS--GENERAL INFORMATION
fixed length control field 150301s2015 xx 000 0 und d
082 ## - DEWEY DECIMAL CLASSIFICATION NUMBER
Classification number 615.19
Item number P14A
100 ## - MAIN ENTRY--PERSONAL NAME
Personal name MOHAMMED ALI
245 ## - TITLE STATEMENT
Title TEXTBOOK OF PHARMACEUTICAL CHEMISTRY -|
260 ## - PUBLICATION, DISTRIBUTION, ETC. (IMPRINT)
Name of publisher, distributor, etc. CBS- DELHI
300 ## - PHYSICAL DESCRIPTION
Extent 314
650 ## - SUBJECT ADDED ENTRY--TOPICAL TERM
Topical term or geographic name as entry element CHEMISTRY
942 ## - ADDED ENTRY ELEMENTS (KOHA)
Source of classification or shelving scheme Dewey Decimal Classification
Koha item type Books
Koha issues (borrowed), all copies 6
Holdings
Withdrawn status Lost status Source of classification or shelving scheme Damaged status Not for loan Collection code Home library Current library Date acquired Source of acquisition Cost, normal purchase price SGTU Bill Number Total Checkouts Total Renewals Full call number Barcode Date last seen Date last checked out Bill Date Koha item type Shelving location Checked out
    Dewey Decimal Classification     PHARMACY SGT FA-FP Library SGT FA-FP Library 02/07/2015 ABC DELHI 190.00 SGTU 492 22 3 615.19 P14A FP211 17/12/2021 20/02/2017 24/11/2014 Books    
    Dewey Decimal Classification     PHARMACY SGT FA-FP Library SGT FA-FP Library 02/07/2015 ABC DELHI 190.00 SGTU 492 34 1 615.19 P14A FP212 26/07/2021 12/06/2021 24/11/2014 Books    
    Dewey Decimal Classification     PHARMACY SGT FA-FP Library SGT FA-FP Library 02/07/2015 ABC DELHI 190.00 SGTU 492 33 4 615.19 P14A FP213 21/02/2022 10/07/2017 24/11/2014 Books Reference Book  
    Dewey Decimal Classification     PHARMACY SGT FA-FP Library SGT FA-FP Library 02/07/2015 ABC DELHI 190.00 SGTU 492 41 2 615.19 P14A FP214 13/07/2021 13/07/2021 24/11/2014 Books    
Withdrawn   Dewey Decimal Classification     PHARMACY SGT FA-FP Library SGT FA-FP Library 02/07/2015 ABC DELHI 190.00 SGTU 492 4   615.19 P14A FP215 17/11/2015 17/11/2015 24/11/2014 Books   24/11/2015